| 000 | 00701cam a2200181 a 4500 | ||
|---|---|---|---|
| 020 | _a0444826610 (alk. paper) | ||
| 082 | 0 | 0 |
_a532/.05358 _bHUI _cN-01, P-56 |
| 100 | 1 |
_aHuilgol, R. R., _937738 |
|
| 245 | 1 | 0 |
_aFluid mechanics of viscoelasticity _bgeneral principles, constitutive modelling, analytical, and numerical techniques / _cR.R. Huilgol and N. Phan-Thien. |
| 260 |
_aAmsterdam ; _aNew York : _bElsevier, _c1997. |
||
| 526 |
_a0 _b0 _c0 _d532_053580000000000_HUI |
||
| 650 | 0 |
_aContinuum mechanics. _920066 |
|
| 650 | 0 |
_aNUST _96342 |
|
| 650 | 0 |
_aViscous flow. _937739 |
|
| 700 | 2 |
_aPhan-Thien, Nhan. _937740 |
|
| 856 | 4 | 0 | _uhttp://www.columbia.edu/cgi-bin/cul/resolve?clio10175539 |
| 942 |
_2ddc _cBK |
||
| 999 |
_c544336 _d544336 |
||